Statistiken für Nennen Sie eine Welthauptstadt A-Z - 30 Sekunden Sprint

Klicken Sie hier um das Quiz zu spielen!

Allgemein

  • Dieses Quiz wurde 1.626 mal gespielt
  • Das Durchschnittsergebnis liegt bei 7 aus 24

Antwortstatistiken

BuchstabeHauptstadt% Korrekt
BBerlin | Brüssel | Bern | +22
96%
AAthen | Amsterdam | Ankara | +12
80%
PParis | Prag | Peking | +15
48%
LLondon | Luxembourg | Lissabon | +8
39%
DDublin | Damaskus | Dhaka | +6
38%
MMoskau | Madrid | Monaco | +16
38%
WWien | Warschau | Washington DC | +2
36%
CCanberra | Caracas | Chisinau | +2
33%
OOslo | Ottawa | Ouagadougou
29%
RRom | Reykjavik | Riga | +3
27%
KKopenhagen | Kiew | Kairo | +11
26%
SStockholm | Sofia | San Marino | +16
26%
HHelsinki | Havanna | Hanoi | +2
24%
TTokio | Tallinn | Tirana | +8
23%
JJerusalem | Jakarta | Jerewan | +2
16%
NNeu-Delhi | Nikosia | Nur-Sultan | +8
15%
FFreetown | Funafuti
14%
ZZagreb
14%
GGuatemala-Stadt | Georgetown |
Gaborone | Gitega
13%
VVatikanstadt | Vaduz | Vilnius | +3
12%
IIslamabad
11%
QQuito
9%
YYamoussoukro | Yaren
6%
UUlaanbaatar
5%

Verteilung der Resultate

Perzentil nach korrekt beantworteten Fragen

Anzahl Personen mit jedem Resultat

Ihre Resultats-Entwicklung

Sie haben dieses Quiz noch nicht gespielt